Programming with Visual Basic 6.0 (Record no. 929)

MARC details
000 -LEADER
Fixed length control field 00458nam a2200169 4500
003 - CONTROL NUMBER IDENTIFIER
Control field SEACOMMC
005 - DATE AND TIME OF LATEST TRANSACTION
Control field 20250429114625.0
008 - FIXED-LENGTH DATA ELEMENTS--GENERAL INFORMATION
Fixed length control field 241223b |||||||| |||| 00| 0 eng d
020 ## - INTERNATIONAL STANDARD BOOK NUMBER / ISBN
International Standard Book Number 81-2590-93-2
Price Rs.210.00
040 ## - CATALOGING SOURCE
Original cataloging agency SEACOMMC
082 ## - DEWEY DECIMAL CLASSIFICATION NUMBER
Classification number 005.133
Book Number A 991
100 ## - MAIN ENTRY--PERSONAL NAME
Personal name Azam,Mohammad
245 1# - TITLE STATEMENT
Title Programming with Visual Basic 6.0
Statement of responsibility Mohammad Azam
260 ## - IMPRINT
Place of publication New Delhi
Name of publisher Vikas Publishing House
Date of publication 2000
650 ## - SUBJECT ADDED ENTRY--TOPICAL TERM
Topical term Computer Science
942 ## - ADDED ENTRY ELEMENTS (KOHA)
Koha item type Books
Holdings
Withdrawn status Lost status Source of classification Damaged status Not for loan Home library Current library Shelving location Date acquired Total Checkouts Call number Accession number Date last seen Price effective from Koha item type Copy number
    Dewey Decimal Classification     SEACOM MANAGEMENT COLLEGE SEACOM MANAGEMENT COLLEGE Reference 12/12/2007   005.133 A 991 M-1299 23/12/2024 23/12/2024 Books  
    Dewey Decimal Classification     SEACOM MANAGEMENT COLLEGE SEACOM MANAGEMENT COLLEGE   12/12/2007   005.133 A 991 M-1300 23/12/2024 23/12/2024 Books 1
    Dewey Decimal Classification     SEACOM MANAGEMENT COLLEGE SEACOM MANAGEMENT COLLEGE   12/12/2007   005.133 A 991 M-1301 23/12/2024 23/12/2024 Books 2
    Dewey Decimal Classification     SEACOM MANAGEMENT COLLEGE SEACOM MANAGEMENT COLLEGE   12/12/2007   005.133 A 991 M-1302 23/12/2024 23/12/2024 Books 3
    Dewey Decimal Classification     SEACOM MANAGEMENT COLLEGE SEACOM MANAGEMENT COLLEGE   12/12/2007   005.133 A 991 M-1303 23/12/2024 23/12/2024 Books 4
    Dewey Decimal Classification     SEACOM MANAGEMENT COLLEGE SEACOM MANAGEMENT COLLEGE   12/12/2007   005.133 A 991 M-1304 23/12/2024 23/12/2024 Books 5
    Dewey Decimal Classification     SEACOM MANAGEMENT COLLEGE SEACOM MANAGEMENT COLLEGE   12/12/2007   005.133 A 991 M-1305 23/12/2024 23/12/2024 Books 6
© Seacom Engineering College, All rights reserved.    Powered by Koha